Biblioteca ESET

Crónica y diario de Buenos Aires : | 1806-1807. (Registro nro. 1097)

Detalles MARC
000 -CABECERA
fixed length control field 02364aam a2200361 a 4500
003 - CONTROL NUMBER IDENTIFIER
control field AR-BeUNQ
005 - FECHA Y HORA DE LA ULTIMA TRANSACCION
control field 20241122123932.0
007 - CAMPO FIJO DE DESCRIPCION FIJA - INFORMACION GENERAL
fixed length control field ta
008 - ELEMENTOS DE LONGITUD FIJA-INFORMACION GENERAL
fixed length control field 241122s2013 ag co gr f001 0 spa
015 ## - NATIONAL BIBLIOGRAPHY NUMBER
National bibliography number AR-2013
020 ## - NUMERO INTERNACIONAL NORMALIZADO PARA LIBROS
Número Internacional Normalizado del libro 9789871741625
040 ## - FUENTE DE CATALOGACION
Agencia de catalogación original AR-BaBN
Idioma de catalogación ESPAÑOL
Agencia que realiza la transcripción AR-BaBN
Convenciones de la descripción aacr
Agencia que realiza la modificación AR-BeUNQ
043 ## - GEOGRAPHIC AREA CODE
Geographic area code s-ag---
044 ## - COUNTRY OF PUBLISHING/PRODUCING ENTITY CODE
MARC country code ag
ISO country code ar-c
082 04 - NUMERO DE CLASIFICACION DECIMAL DEWEYMBER
Número de clasificación 982.023
Número de la edición 21
100 1# - ASIENTO PRINCIPAL-NOMBRE PERSONAL
Nombre personal Salas, Alberto Mario,
Fecha asociada al nombre 1915-1995
245 10 - MENCION DE TITULO
Título Crónica y diario de Buenos Aires :
Otra información sobre el título 1806-1807.
Nombre de la parte/sección de la obra Tomo
Número de la parte/sección de la obra I /
Mención de responsabilidad, etc Alberto Mario Salas.
260 ## - PUBLICACION, DISTRIBUCION, ETC.
Lugar de publicación, distribución, etc. Buenos Aires :
Nombre del editor, distribuidor, etc. Biblioteca Nacional,
Fecha de publicación, distribución, etc 2013.
300 ## - DESCRIPCION FISICA
Extensión 509 p. :
Otros detalles físicos fot., retrs. ;
Dimensiones 28 cm.
490 1# - MENCION DE SERIE
Mención de serie Reediciones & Antologías
Designación numérica/secuencial del volumen 25
500 ## - NOTA GENERAL
Nota general Prólogos de Horacio González, José Luis Moure y Carolina Livingston.
520 3# - NOTA DE RESUMEN, ETC
Nota de resumen, etc. La obra emprendida por Alberto Salas posee una absoluta singularidad, pues toma los sucesos de las invasiones inglesas de 1806 y 1807 en su radical cotidianeidad, día a día, a la manera de un cronista contemporáneo a los hechos. Es sin duda, una historia de la vida cotidiana y de la vida privada en medio de los resonantes acontecimientos épicos que enfrentan a los pobladores de una ciudad con los movimientos de una fuerza invasora. La Crónica y diario de Buenos Aires puede leerse de varias maneras. Por los años y el lugar en que se desarrollan los acontecimientos narrados, la obra tiene como corazón la primera y segunda invasión inglesa al virreinato del Río de la Plata. Pero este libro puede leerse también como una historia de la vida en Buenos Aires hace dos siglos, porque abarca el transcurrir de esta ciudad en tiempos de paz antes y después de la guerra. En esta crónica la historia es política, militar y económica, pero también religiosa, social y cultural. Es una muestra de la vida en Buenos Aires en los albores del siglo XIX.
Assigning source (Descripción del editor).
650 #4 - ASIENTO SECUNDARIO DE MATERIA - TERMINO TEMATICO
Término temático o nombre geográfico como elemento de entrada Vida cotidiana
Fuente del encabezamiento o términ unescot
650 #7 - ASIENTO SECUNDARIO DE MATERIA - TERMINO TEMATICO
Término temático o nombre geográfico como elemento de entrada Historia argentina
Fuente del encabezamiento o términ tha
650 #7 - ASIENTO SECUNDARIO DE MATERIA - TERMINO TEMATICO
Término temático o nombre geográfico como elemento de entrada Crónicas
Fuente del encabezamiento o términ ttll
700 1# - ASIENTO SECUNDARIO - NOMBRE DE PERSONA
Personal name González, Horacio,
Dates associated with a name 1944-2021
Relator term pról.
Relationship aui
700 1# - ASIENTO SECUNDARIO - NOMBRE DE PERSONA
Personal name Livingston, Carolina
Relator term pról.
Relationship aui
700 1# - ASIENTO SECUNDARIO - NOMBRE DE PERSONA
Personal name Moure, José Luis,
Dates associated with a name 1949-
Relator term pról.
Relationship aui
830 #0 - ASIENTO SECUNDARIO DE SERIE--TITULO UNIFORME
Título uniforme Reediciones y antologías (Biblioteca Nacional Mariano Moreno)
Designación numérica/secuencial del volumen 25
929 ## - DATOS DE ADQUISICION
Procedencia DONACION
Proveedor Biblioteca Nacional Mariano Moreno
Precio 0
Fecha de recibido 2022
Patrimonio UNQ PAT0082284
Es copia 1
Número de inventario 61533
942 ## - ELEMENTOS DE PUNTO DE ACCESO ADICIONAL (KOHA)
Tipo de ítem Koha Libros
Existencias
Estado de retiro Estado de pérdida Ubicación permanente Ubicación actual Ubicación en estantería Fecha de ingreso Total Checkouts Signatura topográfica completa Inventario Date last seen Número de copia Tipo de ítem Koha
    Biblioteca ESET - UNQ Biblioteca ESET - UNQ CIRCULACION 22/11/2024   982.06 SAL 61533 22/11/2024 1 Libros

ESET UNQ

☏ 4365-7188
 Avenida República de Francia 1714 entre Doctor Kenny y Concordia, Ezpeleta, Bs As.
✉ secretaria_eset@unq.edu.ar

Con tecnología Koha